The Sanskrit drama in its origin, development, theory & practice / (Record no. 128669)

MARC details
000 -LEADER
fixed length control field 00699nam a22002297a 4500
005 - DATE AND TIME OF LATEST TRANSACTION
control field 20170124110043.0
010 ## - LIBRARY OF CONGRESS CONTROL NUMBER
LC control number 157001
020 ## - INTERNATIONAL STANDARD BOOK NUMBER
Terms of availability 00.00
035 ## - SYSTEM CONTROL NUMBER
System control number 157001
037 ## - SOURCE OF ACQUISITION
Source of stock number/acquisition Cen Lib/Ret
040 ## - CATALOGING SOURCE
Original cataloging agency DPL
Language of cataloging EN
082 ## - DEWEY DECIMAL CLASSIFICATION NUMBER
Classification number 812.09
Item number KEI
100 ## - MAIN ENTRY--PERSONAL NAME
Personal name Keith, A. Berriedale
9 (RLIN) 13079
245 ## - TITLE STATEMENT
Title The Sanskrit drama in its origin, development, theory & practice /
Statement of responsibility, etc by A. Berriedale Keith
260 ## - PUBLICATION, DISTRIBUTION, ETC. (IMPRINT)
Place of publication, distribution, etc London
Name of publisher, distributor, etc Oxford University Press
Date of publication, distribution, etc 1954
270 ## - ADDRESS
City London
Address Amen House
300 ## - PHYSICAL DESCRIPTION
Extent 405p.
Dimensions 20cm(Hb)
500 ## - GENERAL NOTE
General note Includes index<br/><br/>
650 ## - SUBJECT ADDED ENTRY--TOPICAL TERM
Topical term or geographic name as entry element Sanskrit drama -- History and criticism
9 (RLIN) 24082
650 ## - SUBJECT ADDED ENTRY--TOPICAL TERM
Topical term or geographic name as entry element Sanskrit drama
9 (RLIN) 104529
942 ## - ADDED ENTRY ELEMENTS (KOHA)
Source of classification or shelving scheme Dewey Decimal Classification
Koha item type English Books
Classification part 812.09
Call number suffix KEI
Holdings
Withdrawn status Lost status Damaged status Not for loan Home library Current library Date acquired Source of acquisition Cost, normal purchase price Total Checkouts Full call number Barcode Date last seen Date checked out Copy number Cost, replacement price Price effective from Koha item type
        Central Library Central Library 03/07/2015 Cen Lib/Ret 0.00 1 812.09 KEI 157001 04/04/2019 19/03/2019 1 0.00 03/07/2015 English Books

© Delhi Public Library
Hit Counter
free hit counter